[Event "Pan American-ch School U17 12th"]
[Site "Callao"]
[Date "2023.10.17"]
[Round "4"]
[White "Achocalla Huaipara, Pavel Andres"]
[Black "Ochoa Rodriguez, Adriel Miguel"]
[Result "1-0"]
[WhiteElo "1536"]
[BlackElo "1205"]
[PlyCount "53"]
[EventDate "2023.10.16"]
[EventType "swiss"]
[EventRounds "9"]
[EventCountry "PER"]
[SourceTitle "Mega2024 Update 01"]
[Source "Chessbase"]
[SourceDate "2023.11.12"]
[SourceVersion "1"]
[SourceVersionDate "2023.11.12"]
[SourceQuality "1"]

1. e4 e5 2. Nf3 Nc6 3. Nc3 Bc5 4. Nxe5 Nxe5 5. d4 Bxd4 6. Qxd4 d6 7. Bf4 c5 8. Bb5+ Kf8 9. Qd2 Be6 10. Rd1 Ke7 11. Bxe5 dxe5 12. Qg5+ Nf6 13. Rxd8 Rhxd8 14. Qxe5 Rd6 15. Qxc5 Rc8 16. Qxa7 Nd7 17. Bxd7 Rxd7 18. Nd5+ Bxd5 19. exd5 Rxc2 20. 0-0 Rdc7 21. Qa3+ R2c5 22. Rd1 Kd6 23. Qg3+ Kd7 24. Qxg7 Rc1 25. Qxf7+ Kd8 26. Qg8+ Ke7 27. Qg5+ 1-0